00515nam a22001817a 450000500170000001000150001702000260003203500140005803700130007208200080008510000210009324500240011426000300013827000960016830000210026470000200028571000280030520240108152606.0 aENG-138818 c130.00a9789391399696 aEN-122350 bDBAD/PUB a280 aManjacklal, Jijo aChristmas Goodies / aBengalurubATC Publishers bBengaluruaSt Mary's Block, Archdiocesan Pastotal Centre No 5, Nandidurga Road, Benson Town a130p.c22cm(pbk) aMishra Abhishek aRoma ChatterjeeeEditor